Raveendrasangeetham:Kelkkatha Ragangal (Record no. 112120)

MARC details
000 -LEADER
fixed length control field 00418nam a2200133Ia 4500
008 - FIXED-LENGTH DATA ELEMENTS--GENERAL INFORMATION
fixed length control field 211119s9999||||xx |||||||||||||| ||und||
082 ## - DEWEY DECIMAL CLASSIFICATION NUMBER
Classification number 920
Item number RAV-R
100 ## - MAIN ENTRY--PERSONAL NAME
Personal name Raveendran, Sobhana
245 #0 - TITLE STATEMENT
Title Raveendrasangeetham:Kelkkatha Ragangal
260 ## - PUBLICATION, DISTRIBUTION, ETC.
Name of publisher, distributor, etc. Mathrubhumi Books
Place of publication, distribution, etc. 2011
Date of publication, distribution, etc. Kottayam
300 ## - PHYSICAL DESCRIPTION
Extent 176p.
650 ## - SUBJECT ADDED ENTRY--TOPICAL TERM
Topical term or geographic name entry element History&geography
942 ## - ADDED ENTRY ELEMENTS (KOHA)
Koha item type BOOK
650 ## - SUBJECT ADDED ENTRY--TOPICAL TERM
Form subdivision Biography, genealogy & insigmaEconomics
General subdivision PGR-GANDHIAN STUDIES
Holdings
Withdrawn status Lost status Damaged status Not for loan Home library Current library Date acquired Cost, normal purchase price Total Checkouts Full call number Barcode Shelving location Date last seen Price effective from Koha item type
        SB LIBRARY SB LIBRARY 19/11/2021 100.00   920 RAV-R 00125571 PGR-GANDHIAN STUDIES 19/11/2021 19/11/2021 BOOK

Powered by Koha